| 000 | 01253nam a22004577a 4500 | ||
|---|---|---|---|
| 005 | 20241012062706.0 | ||
| 008 | 220426r19951992mx |||gr|||| 00| 0 spa d | ||
| 020 | _a9681637542 | ||
| 040 |
_aCO-BoESAP _bspa _cCO-BoESAP |
||
| 082 | 0 | 4 |
_a320.01 _bB61t |
| 100 | 1 |
_91075 _aBobbio, Norberto, _d1909-2004 |
|
| 245 | 1 | 0 |
_aThomas Hobbes / _cNorberto Bobbio ; traducción de Manuel Escrivá de Romaní |
| 250 | _aSegunda edición. | ||
| 260 |
_aMéxico : _bFondo de Cultura Económica, _c1992 [reimpresión 1995] |
||
| 300 | _a186 páginas | ||
| 490 | 0 | _a(Clásicos Dykinson. Monografías) | |
| 534 | _tTítulo original : Thomas Hobbes. | ||
| 600 | 1 | 4 |
_93517 _aHobbes, Thomas, _d1588-1679 |
| 650 | 2 | 0 |
_aFilosofía política _xCRÍTICA E INTERPRETACIÓN _91583 |
| 700 | 1 |
_9208219 _aEscrivá de Romaní, Manuel _etraductor |
|
| 942 |
_2ddc _cBKM |
||
| 999 |
_c164924 _d164924 |
||
| 526 | _a17598 | ||
| 526 | _a102617 | ||
| 526 | _a102618 | ||
| 526 | _a15794 | ||
| 526 | _a102620 | ||
| 526 | _a10406 | ||
| 526 | _a105630 | ||
| 526 | _a1698 | ||
| 526 | _a116204 | ||
| 526 | _a4969 | ||
| 526 | _a19790 | ||
| 526 | _a104436 | ||
| 526 | _a5144 | ||
| 526 | _a51868 | ||
| 526 | _a3899 | ||
| 526 | _a9683 | ||
| 526 | _a | ||
| 526 | _a1703 | ||
| 526 | _a1697 | ||